| 000 -LEADER |
| fixed length control field |
02059nam a2200241 a 4500 |
| 003 - CONTROL NUMBER IDENTIFIER |
| control field |
AR-BaISA |
| 005 - DATE AND TIME OF LATEST TRANSACTION |
| control field |
20240220162336.0 |
| 006 - FIXED-LENGTH DATA ELEMENTS--ADDITIONAL MATERIAL CHARACTERISTICS |
| fixed length control field |
aado|fr|||| 000 0 |
| 007 - PHYSICAL DESCRIPTION FIXED FIELD--GENERAL INFORMATION |
| fixed length control field |
ta |
| 008 - FIXED-LENGTH DATA ELEMENTS--GENERAL INFORMATION |
| fixed length control field |
240220s1980 ag ado|f |||| 000 0 spa d |
| 040 ## - CATALOGING SOURCE |
| Language of cataloging |
spa |
| Transcribing agency |
AR-BaISA |
| 082 04 - DEWEY DECIMAL CLASSIFICATION NUMBER |
| Edition number |
22 |
| Classification number |
155.4 Ab375 |
| 245 00 - TITLE STATEMENT |
| Title |
Psicosis infatiles: |
| Remainder of title |
y otros cuadros graves de la infancia. Aportes de investigación, clínica, terapéutica y psicopedagogica / |
| Statement of responsibility, etc. |
A. Aberastury, A. J. Campo, E. Dallal y Castillo, S. J. Suomi y otros |
| 260 ## - PUBLICATION, DISTRIBUTION, ETC. |
| Place of publication, distribution, etc. |
Buenos Aires: |
| Name of publisher, distributor, etc. |
Paidós, |
| Date of publication, distribution, etc. |
1980 |
| 300 ## - PHYSICAL DESCRIPTION |
| Extent |
164 p.: |
| Other physical details |
il., graf., fotos. |
| 490 ## - SERIES STATEMENT |
| Serie |
Psiquiatría, psicopatología y psicosomática |
| 504 ## - BIBLIOGRAPHY, ETC. NOTE |
| Bibliography, etc. note |
Bibliografía al final de cada capítulo |
| 505 ## - FORMATTED CONTENTS NOTE |
| Title |
INVESTIGACIÓN: |
| -- |
S. J. Suomi / Modelo de depresión de los monos -- |
| -- |
S. J. Suomi / El comportamiento de los primates -- |
| -- |
CLÍNICA Y TERAPÉUTICA: |
| -- |
J. V. Maffei / El concepto de psicosis infantiles -- |
| -- |
A. J. Campo, G. Echaire, M. Lebrero, J. Parral y A. García / Consideraciones sobre los episodios de la infancia (con especial referencia a la "folie à deux") -- |
| -- |
E. Dallal y Castillo y R. S. de Bodek / El manejo clínico de las psicosis infantiles -- |
| -- |
F. Imaz, C. Rivero y M. Médico / Psicosis en un paciente con enfermedad de Bournevielle -- |
| -- |
A. Benassi y O. Piñeiro / El discurso gráfico y su correlato verbal en un caso de psicosis simbiótica -- |
| -- |
S. J. Deligdisch / Equilibrio psicopático en el curso del tratamiento psicoanalítico de psicosis infantil -- |
| -- |
A. Aberastury y A. Hagelin / Ansiedades pre y pos operatorias de un niño de 8 años -- |
| -- |
S. Andrade, B. Janín y M. C. Parral / Somatizaciones múltiples en niños -- |
| -- |
PSICOPEDAGOGÍA: |
| -- |
B. B. Benitez de Nale, R. Palenque de Seineldin y A. García Fernández de Basedovsky -- |
| -- |
B. E. E. de Tarnopolsky / Aportación de la psicopedagogía al diagnóstico de la psicosis y de los cuadros fronterizos |
| 650 14 - SUBJECT ADDED ENTRY--TOPICAL TERM |
| 9 (RLIN) |
1932 |
| Topical term or geographic name entry element |
Psicología infantil |
| 650 14 - SUBJECT ADDED ENTRY--TOPICAL TERM |
| 9 (RLIN) |
504 |
| Topical term or geographic name entry element |
Trastornos mentales |
| Form subdivision |
niños |
| 700 ## - ADDED ENTRY--PERSONAL NAME |
| 9 (RLIN) |
2978 |
| Personal name |
Aberastury, Arminda |
| Relator term |
aut. |
| 942 ## - ADDED ENTRY ELEMENTS (KOHA) |
| Source of classification or shelving scheme |
|
| Koha item type |
Libros |
| Edition |
22 |